All of The Score - Statistics

General Stats
  • This quiz has been taken 7 times
    4 since last reset
  • The average score is 48 of 115
Answer Stats
Hint Answer % Correct
Carry On Carry On (ft. AWOLNATION)
100%
Stay EP Stay
100%
Atlas | Stripped EP | Unstoppable EP Unstoppable
100%
Other Unstoppable (Rebel Remix)
100%
Where Do You Run EP Where Do You Run
100%
Carry On | Pressure EP Born For This
67%
Carry On Breakout
67%
Other Bulletproof (ft. XYLO)
67%
Carry On Can You Hear Me Now
67%
Metamorph Enemies
67%
Metamorph Fighter
67%
Carry On Fire
67%
Unstoppable EP Going Home
67%
Chrysalis EP | Metamorph Head Up
67%
Atlas | Myths & Legends EP | Stripped EP Higher
67%
Atlas | Myths & Legends EP | Stripped EP Legend
67%
Chrysalis EP | Metamorph Pull the Cord
67%
Atlas | Myths & Legends EP | Stripped EP Revolution
67%
Stay EP Rush
67%
Where Do You Run EP Something New
67%
Atlas Strange
67%
Carry On | Pressure EP Stronger
67%
Atlas Tightrope
67%
Chrysalis EP Top of The World
67%
Metamorph Top of the World
67%
Metamorph Alarm
33%
Carry On All of Me (ft. Travis Barker)
33%
2012 EP Almost
33%
Atlas Believe
33%
Carry On Best Part
33%
The Score EP 2 Better Than One
33%
Metamorph Big Dreams (ft. FITZ)
33%
Stay EP Can't Stop me Now
33%
Carry On Comeback
33%
The Score EP Dancing Shoes
33%
The Score EP Dancing Shoes (Acoustic)
33%
Unreleased Don't Need a Hero
33%
Unstoppable EP Don't Wanna Be
33%
The Score EP Don't Wanna Wake Up
33%
Pressure EP Dreamin' (ft. blackbear)
33%
The Score EP 2 Fall for Me
33%
Unreleased Fly Away
33%
Carry On Gallows (ft. Jamie n Commons)
33%
Carry On | Pressure EP Glory
33%
Carry On Golden
33%
2012 EP Gone
33%
Chrysalis EP | Metamorph Good to be Alive
33%
Unreleased Green Eyes
33%
The Score EP Haunted
33%
2012 EP Hit List
33%
The Score EP Holy Grail
33%
Carry On Human
33%
Stay EP Hunger
33%
Metamorph In My Blood
33%
Stay EP In My Bones
33%
The Score EP 2 In The Dark
33%
Unreleased It's You (ft. Velous)
33%
Where Do You Run EP Livin' Right
33%
The Score EP 2 Lost You
33%
The Score EP 2 Lost You (Wave Pilot Remix)
33%
Atlas | Myths & Legends EP | Stripped EP Miracle
33%
Unstoppable EP Money Run Low
33%
Atlas Never Going Back
33%
2012 EP Not Just Another Way
33%
Where Do You Run EP Oh My Love
33%
Other On and On
33%
Atlas Only One
33%
The Score EP 2 Real Life
33%
Stay EP Run Like a Rebel
33%
Carry On Running All Night
33%
The Score EP Say Something
33%
Atlas Shakedown
33%
Metamorph Skeletons
33%
Unreleased SOS
33%
Carry On The Champion
33%
Pressure EP The Fear
33%
Unstoppable EP The Heat
33%
The Score EP This Beating Heart
33%
The Score EP Til the Stars Burn Blue
33%
Pressure EP Under the Pressure
33%
Unreleased Untamed
33%
Chrysalis EP | Metamorph Victorious
33%
Unstoppable EP Where You Are
33%
Atlas Who I Am
33%
Other Catching Fire
0%
Unreleased Ghost of You
0%
Unreleased Heartbreak City
0%
Unreleased Know My Name
0%
Unreleased Love Suicide
0%
Unreleased Masterpiece
0%
Unreleased No Gravity (With You)
0%
2012 EP Real Love
0%
Unreleased She Just Wanna
0%
Unreleased Sing it Loud
0%
Unreleased Tears in the Rain
0%
Other Up
0%
Unreleased What do you Say
0%
Other White Iverson
0%
No matching quizzes found
Score Distribution
Percent of People with Each Score
Percentile by Number Answered
Your Score History
You have not taken this quiz since the last reset